<?xml version="1.0" encoding="UTF-8"?>
<record
    xmlns:xsi="http://www.w3.org/2001/XMLSchema-instance"
    xsi:schemaLocation="http://www.loc.gov/MARC21/slim http://www.loc.gov/standards/marcxml/schema/MARC21slim.xsd"
    xmlns="http://www.loc.gov/MARC21/slim">

  <leader>00950nam a22002177a 4500</leader>
  <datafield tag="999" ind1=" " ind2=" ">
    <subfield code="c">62491</subfield>
    <subfield code="d">62491</subfield>
  </datafield>
  <controlfield tag="005">20210325205042.0</controlfield>
  <controlfield tag="008">      s2553    th ||||| |||| 00| 0 tha d</controlfield>
  <datafield tag="020" ind1=" " ind2=" ">
    <subfield code="a">9789747385489</subfield>
  </datafield>
  <datafield tag="040" ind1=" " ind2=" ">
    <subfield code="a">NALT</subfield>
  </datafield>
  <datafield tag="050" ind1=" " ind2=" ">
    <subfield code="a">DS 527.8 </subfield>
    <subfield code="b">&#xE20;159&#xE2B; 2553 </subfield>
  </datafield>
  <datafield tag="100" ind1="0" ind2=" ">
    <subfield code="a">&#xE20;&#xE20;&#xE1E;&#xE1E;&#xE25; &#xE08;&#xE31;&#xE19;&#xE17;&#xE23;&#xE4C;&#xE27;&#xE31;&#xE12;&#xE19;&#xE01;&#xE38;&#xE25;</subfield>
    <subfield code="9">11001</subfield>
  </datafield>
  <datafield tag="245" ind1="1" ind2="0">
    <subfield code="a">&#xE1B;&#xE23;&#xE30;&#xE27;&#xE31;&#xE15;&#xE34;&#xE28;&#xE32;&#xE2A;&#xE15;&#xE23;&#xE4C;&#xE41;&#xE25;&#xE30;&#xE28;&#xE34;&#xE25;&#xE1B;&#xE30;&#xE1E;&#xE21;&#xE48;&#xE32; &#xE40;&#xE25;&#xE48;&#xE21; 1 /</subfield>
    <subfield code="c">&#xE20;&#xE20;&#xE1E;&#xE1E;&#xE25; &#xE08;&#xE31;&#xE19;&#xE17;&#xE23;&#xE4C;&#xE27;&#xE31;&#xE12;&#xE19;&#xE01;&#xE38;&#xE25;.</subfield>
  </datafield>
  <datafield tag="260" ind1=" " ind2=" ">
    <subfield code="a">&#xE01;&#xE23;&#xE38;&#xE07;&#xE40;&#xE17;&#xE1E;&#xE2F; : </subfield>
    <subfield code="b">&#xE40;&#xE21;&#xE37;&#xE2D;&#xE07;&#xE42;&#xE1A;&#xE23;&#xE32;&#xE13;, </subfield>
    <subfield code="c">2553.</subfield>
  </datafield>
  <datafield tag="300" ind1=" " ind2=" ">
    <subfield code="a">147 &#xE2B;&#xE19;&#xE49;&#xE32; :</subfield>
    <subfield code="b">&#xE20;&#xE32;&#xE1E;&#xE1B;&#xE23;&#xE30;&#xE01;&#xE2D;&#xE1A; ;</subfield>
    <subfield code="c">23 &#xE0B;&#xE21;.</subfield>
  </datafield>
  <datafield tag="650" ind1=" " ind2="4">
    <subfield code="a">&#xE28;&#xE34;&#xE25;&#xE1B;&#xE30;  </subfield>
    <subfield code="9">16753</subfield>
    <subfield code="z">&#xE1E;&#xE21;&#xE48;&#xE32;</subfield>
  </datafield>
  <datafield tag="651" ind1=" " ind2="4">
    <subfield code="9">11002</subfield>
    <subfield code="a">&#xE1E;&#xE21;&#xE48;&#xE32;</subfield>
    <subfield code="x">&#xE42;&#xE1A;&#xE23;&#xE32;&#xE13;&#xE2A;&#xE16;&#xE32;&#xE19;</subfield>
  </datafield>
  <datafield tag="651" ind1=" " ind2="4">
    <subfield code="9">11003</subfield>
    <subfield code="a">&#xE1E;&#xE21;&#xE48;&#xE32; </subfield>
    <subfield code="x">&#xE1B;&#xE23;&#xE30;&#xE27;&#xE31;&#xE15;&#xE34;&#xE28;&#xE32;&#xE2A;&#xE15;&#xE23;&#xE4C;</subfield>
  </datafield>
  <datafield tag="850" ind1=" " ind2=" ">
    <subfield code="a">NALT</subfield>
  </datafield>
  <datafield tag="942" ind1=" " ind2=" ">
    <subfield code="c">GB</subfield>
    <subfield code="2">lcc</subfield>
  </datafield>
  <datafield tag="952" ind1=" " ind2=" ">
    <subfield code="0">0</subfield>
    <subfield code="1">0</subfield>
    <subfield code="2">lcc</subfield>
    <subfield code="4">0</subfield>
    <subfield code="7">0</subfield>
    <subfield code="8">CASEAN</subfield>
    <subfield code="a">NALT</subfield>
    <subfield code="b">NALT</subfield>
    <subfield code="e">&#xE08;&#xE31;&#xE14;&#xE0B;&#xE37;&#xE49;&#xE2D;&#xE17;&#xE23;&#xE31;&#xE1E;&#xE22;&#xE32;&#xE01;&#xE23;</subfield>
    <subfield code="g">220.00</subfield>
    <subfield code="l">0</subfield>
    <subfield code="o">ASEAN DS 527.8 &#xE20;159&#xE2B; 2553</subfield>
    <subfield code="p">3961183796</subfield>
    <subfield code="r">2017-06-09 00:00:00</subfield>
    <subfield code="t"> &#xE25;.1 &#xE09;. 2</subfield>
    <subfield code="v">270.00</subfield>
    <subfield code="w">2017-06-09</subfield>
    <subfield code="y">GB</subfield>
  </datafield>
  <datafield tag="952" ind1=" " ind2=" ">
    <subfield code="0">0</subfield>
    <subfield code="1">0</subfield>
    <subfield code="2">lcc</subfield>
    <subfield code="4">0</subfield>
    <subfield code="7">0</subfield>
    <subfield code="8">CASEAN</subfield>
    <subfield code="a">NALT</subfield>
    <subfield code="b">NALT</subfield>
    <subfield code="e">&#xE08;&#xE31;&#xE14;&#xE0B;&#xE37;&#xE49;&#xE2D;&#xE17;&#xE23;&#xE31;&#xE1E;&#xE22;&#xE32;&#xE01;&#xE23;</subfield>
    <subfield code="g">220.00</subfield>
    <subfield code="l">0</subfield>
    <subfield code="o">ASEAN DS 527.8 &#xE20;159&#xE2B; 2553 </subfield>
    <subfield code="p">3961183797</subfield>
    <subfield code="r">2017-06-09 00:00:00</subfield>
    <subfield code="t">&#xE25;.1 &#xE09;. 1</subfield>
    <subfield code="v">270.00</subfield>
    <subfield code="w">2017-06-09</subfield>
    <subfield code="y">GB</subfield>
  </datafield>
</record>
